00323nam a2200121Ia 4500003000400000005001700004008004100021020001800062040002000080100002300100245005100123260002700174OSt20231221064400.0170524s9999 xx 000 0 und d a9788126134328 cIIMT UNIVERSITY aSENGAR- SHAILENDRA 0aJournalism, Advertisement and Public Relations bANMOL PUB. : NEW DELHI